Financial Markets and Financial Services (Record no. 752500)

MARC details
000 -LEADER
fixed length control field 00476nam a2200181 4500
020 ## - INTERNATIONAL STANDARD BOOK NUMBER
ISBN 9789360617554
041 ## - LANGUAGE CODE
Language code of text/sound track or separate title English
082 ## - DEWEY DECIMAL CLASSIFICATION NUMBER
Classification number 332.6
Item number BEH/F
084 ## - OTHER CLASSIFICATION NUMBER
Source of Number Colon Classification
100 ## - MAIN ENTRY--AUTHOR NAME
Personal name Behn, Aphra
245 ## - TITLE STATEMENT
Title Financial Markets and Financial Services
250 ## - EDITION STATEMENT
Edition statement 1
260 ## - PUBLICATION, DISTRIBUTION, ETC. (IMPRINT)
Place of publication New Delhi:
Name of publisher Pinakin Publishing,
Year of publication 2025.
300 ## - PHYSICAL DESCRIPTION
Number of Pages 280p.
650 ## - SUBJECT ADDED ENTRY--TOPICAL TERM
Topical Term Financial Markets/ Financial Services
942 ## - ADDED ENTRY ELEMENTS (KOHA)
Source of classification or shelving scheme Dewey Decimal Classification
Koha item type Book
Holdings
Withdrawn status Lost status Source of classification or shelving scheme Damaged status Not for loan Collection code Home Library Current Location Shelving location Date acquired Source of acquisition Cost, normal purchase price Full call number Accession Number Price effective from Koha item type
    Dewey Decimal Classification     Non-fiction Dept. of Economics Dept. of Economics Processing Center 16/10/2025 NO CHA-77/07/2025,08/07/2025 2995.00 332.6 BEH/F ECN16787 16/10/2025 Book